Online
Catalog

La obra del generalísimo Doctor Trujillo Molina en el Ejército Nacional : (Record no. 30930)

MARC details
000 -CABECERA
campo de control de longitud fija 00747nam a2200217 a 4500
001 - NÚMERO DE CONTROL
campo de control 000031438
003 - IDENTIFICADOR DEL NÚMERO DE CONTROL
campo de control DO-SdBNP
005 - FECHA Y HORA DE LA ÚLTIMA TRANSACCIÓN
campo de control 20240118103054.0
007 - CAMPO FIJO DE DESCRIPCIÓN FÍSICA--INFORMACIÓN GENERAL
campo de control de longitud fija ta
008 - DATOS DE LONGITUD FIJA--INFORMACIÓN GENERAL
campo de control de longitud fija 110622q1937 dr ac 000 | spa d
040 ## - FUENTE DE LA CATALOGACIÓN
Centro catalogador/agencia de origen DO-SdBNP
Lengua de catalogación spa
Centro/agencia transcriptor BNPHU
041 ## - CÓDIGO DE LENGUA
Código de lengua original spa
049 ## - FONDOS LOCALES (OCLC)
Fondos de biblioteca BNPD
082 #4 - NÚMERO DE LA CLASIFICACIÓN DECIMAL DEWEY
Número de clasificación xxx
Número de documento/Ítem O77ó
Número de edición 22
100 1# - ENTRADA PRINCIPAL--NOMBRE DE PERSONA
Nombre de persona Ortiz Álvarez, Horacio
9 (RLIN) 57843
245 13 - MENCIÓN DE TÍTULO
Título La obra del generalísimo Doctor Trujillo Molina en el Ejército Nacional :
Resto del título observaciones militares /
Mención de responsabilidad, etc. Horacio Ortiz Álvarez ; prólogo de Fernando A. Sánchez.
260 ## - PUBLICACIÓN, DISTRIBUCIÓN, ETC.
Lugar de publicación, distribución, etc. Ciudad Trujillo, República Dominicana :
Nombre del editor, distribuidor, etc. Tipografía Cambier,
Fecha de publicación, distribución, etc. [1937?].
300 ## - DESCRIPCIÓN FÍSICA
Extensión 167 p. :
Otras características físicas il., retrs. ;
Dimensiones 21 cm.
700 1# - PUNTO DE ACCESO ADICIONAL--NOMBRE DE PERSONA
Nombre de persona Sánchez, Fernando A.,
Término indicativo de función/relación pról.
9 (RLIN) 57844
942 ## - ELEMENTOS DE PUNTO DE ACCESO ADICIONAL (KOHA)
Fuente del sistema de clasificación o colocación Dewey Decimal Classification
Tipo de ítem Koha Libro
Holdings
Estado de retiro Estado de pérdida Fuente del sistema de clasificación o colocación Restricciones de uso No para préstamo Código de colección Localización permanente Ubicación/localización actual Ubicación en estantería Fecha de adquisición Total de préstamos Signatura topográfica completa Código de barras Fecha visto por última vez Precio válido a partir de Tipo de ítem Koha Nota pública Número de copia
    Dewey Decimal Classification Excluido de préstamo   Raros y valiosos Biblioteca Nacional Pedro Henríquez Ureña Biblioteca Nacional Pedro Henríquez Ureña Depósito 22.06.2011   BNPHU PD-RV 972.9303 O77ó 31438-10 25.06.2020 25.06.2020 Libro Perteneció a la biblioteca personal de Julio Ortega Frier. Dedicado por el autor.  
    Dewey Decimal Classification   Excluido de préstamo   Biblioteca Nacional Pedro Henríquez Ureña Biblioteca Nacional Pedro Henríquez Ureña Depósito 18.01.2024   BNPHU PD-RV 972.9303 O77ó 2024-0315 18.01.2024 18.01.2024 Libro   e.2

Powered by Koha